German words A1.1 (Lektion 22) - Statistics

General Stats
  • This quiz has been taken 7 times
  • The average score is 13 of 26
Answer Stats
In German In English % Correct
Socke die, -n Sock
100%
T-Shirt das, -s T-shirt
100%
Jacke die, -n Jacket
80%
Hemd das, -en Shirt
80%
Schuh der, - Shoe
80%
Kleid das, -er (A) dress
60%
Gürtel der, - Belt
60%
Bluse die, -n Blouse
60%
Kleidung die Clothing
60%
Hut der, -e Hat
60%
Hose die, -n Pants
60%
Rock der, -e Skirt
60%
Text der, -e Text
60%
Erzählen (To) tell
60%
Mantel der, - (A) Coat
40%
Pullover der, - Sweater
40%
An•ziehen (To) put on
40%
An•haben (To) wear
40%
Als As
20%
Mütze die, -n Cap
20%
Toll! Great!
20%
Zuletzt Last
20%
Klug Smart, clever
20%
Strumpf der, -e Stocking
20%
Klasse! Classy, terrific
0%
Strumpfhose die, -n Pantyhose
0%
No matching quizzes found
Score Distribution
Percent of People with Each Score
Percentile by Number Answered
Your Score History
You have not taken this quiz